000 00625nam a22001457a 4500
005 20170531144451.0
008 170531b xxu||||| |||| 00| 0 hin d
245 _aआदर्श पंचायती राज /
_cअशाेक पंंडित द्वारा संपादित
260 _aनई दिल्ली
_bअशाेक पंंडित
300 _aखण्ड
_c28 सेमी
310 _aमासिक
700 _943125
270 _aएस-1,सुरज नगर आजाद पुर,
_bनई दिल्ली
_e110033
_k011-27681223
942 _2ddc
_cSR
_s1
_mआदर्श
999 _c140622
_d140622